Podvojné účtovníctvo pre podnikateľov a dane v praxi
Gespeichert in:
| 1. Verfasser: | |
|---|---|
| Format: | Buch |
| Sprache: | Slowakisch |
| Veröffentlicht: |
Bratislava
IURA EDITION
2001
|
| Schriftenreihe: | Ekonómia
|
| Schlagworte: | |
| Tags: |
Keine Tags, Fügen Sie das erste Tag hinzu!
|
MARC
| LEADER | 00000nam a2200000 4500 | ||
|---|---|---|---|
| 001 | c125027 | ||
| 005 | 20221108093320.6 | ||
| 020 | |a 80-88715-92-X | ||
| 041 | 0 | |a slo | |
| 044 | |a SK | ||
| 245 | 1 | 0 | |a Podvojné účtovníctvo pre podnikateľov a dane v praxi |c Vladimír Pastierik |
| 264 | 1 | |a Bratislava |b IURA EDITION |c 2001 | |
| 300 | |a 270 s. | ||
| 490 | 1 | |a Ekonómia | |
| 830 | 0 | |a Ekonómia | |
| 610 | 2 | 0 | |a účtovníctvo podvojné |
| 610 | 2 | 0 | |a legislatíva |
| 610 | 2 | 0 | |a predpisy právne |
| 610 | 2 | 0 | |a podnikanie |
| 610 | 2 | 0 | |a podnikatelia |
| 610 | 2 | 0 | |a teória a prax |
| 610 | 2 | 0 | |a komentáre |
| 610 | 2 | 0 | |a osnova účtová |
| 610 | 2 | 0 | |a dane |
| 610 | 2 | 0 | |a štúdie prípadové |
| 610 | 2 | 0 | |a Slovensko |
| 610 | 2 | 0 | |a január |
| 610 | 2 | 0 | |a 2000 |
| 100 | 1 | |a Pastierik, Vladimír | |